Prescott's microbiology / (Record no. 124646)
[ view plain ]
| 000 -LEADER | |
|---|---|
| fixed length control field | 00709cam a2200241 i 4500 |
| 001 - CONTROL NUMBER | |
| control field | 20522832 |
| 005 - DATE AND TIME OF LATEST TRANSACTION | |
| control field | 20211111105746.0 |
| 008 - FIXED-LENGTH DATA ELEMENTS--GENERAL INFORMATION | |
| fixed length control field | 180531s2020 nyuab 001 0 eng |
| 020 ## - INTERNATIONAL STANDARD BOOK NUMBER | |
| International Standard Book Number | 9781260570021 |
| 040 ## - CATALOGING SOURCE | |
| Transcribing agency | PK-LaUMT |
| 082 00 - DEWEY DECIMAL CLASSIFICATION NUMBER | |
| Classification number | 579 |
| Edition number | 23 |
| Item number | WIL-P |
| 100 1# - MAIN ENTRY--PERSONAL NAME | |
| Personal name | Willey, Joanne M. |
| 245 10 - TITLE STATEMENT | |
| Title | Prescott's microbiology / |
| Statement of responsibility, etc | by Joanne M. Willey, Kathleen M. Sandman, and Dorothy H. Wood |
| 250 ## - EDITION STATEMENT | |
| Edition statement | 11th ed. |
| 260 ## - PUBLICATION, DISTRIBUTION, ETC. (IMPRINT) | |
| Place of publication, distribution, etc | New York : |
| Name of publisher, distributor, etc | McGraw-Hill Education, |
| Date of publication, distribution, etc | 2020 |
| 300 ## - PHYSICAL DESCRIPTION | |
| Extent | xxiii, 976 p. : |
| Other physical details | color illustrations, color map ; |
| Dimensions | 28 cm |
| 500 ## - GENERAL NOTE | |
| General note | Includes index. |
| 650 #0 - SUBJECT ADDED ENTRY--TOPICAL TERM | |
| Topical term or geographic name as entry element | Microbiology |
| 650 #0 - SUBJECT ADDED ENTRY--TOPICAL TERM | |
| Topical term or geographic name as entry element | Metabolism |
| 650 #0 - SUBJECT ADDED ENTRY--TOPICAL TERM | |
| Topical term or geographic name as entry element | Genetics |
| 650 #0 - SUBJECT ADDED ENTRY--TOPICAL TERM | |
| Topical term or geographic name as entry element | Applied microbiology |
| 942 ## - ADDED ENTRY ELEMENTS (KOHA) | |
| Koha item type | Books |
| Withdrawn status | Lost status | Damaged status | Home library | Current library | Date acquired | Full call number | Barcode | Date last seen | Price effective from | Koha item type | Copy number | Public note |
|---|---|---|---|---|---|---|---|---|---|---|---|---|
| UMT Health Sciences Campus | UMT Health Sciences Campus | 2021-11-11 | 579 WIL-P | 139443 | 2026-07-03 | 2021-11-11 | Books | |||||
| UMT Health Sciences Campus | UMT Health Sciences Campus | 2021-11-11 | 579 WIL-P | 139444 | 2025-11-21 | 2021-11-11 | Books | C.2 | ||||
| UMT Health Sciences Campus | UMT Health Sciences Campus | 2021-11-11 | 579 WIL-P | 139445 | 2026-07-03 | 2021-11-11 | Books | C.3 | ||||
| UMT Health Sciences Campus | UMT Health Sciences Campus | 2021-11-13 | 579 WIL-P | 139312 | 2025-03-13 | 2021-11-13 | Books | C.4 | ||||
| UMT Health Sciences Campus | UMT Health Sciences Campus | 2021-12-03 | 579 WIL-P | 140030 | 2026-06-22 | 2021-12-03 | Books | C.5 | ||||
| UMT Health Sciences Campus | UMT Health Sciences Campus | 2021-12-03 | 579 WIL-P | 140031 | 2024-10-22 | 2021-12-03 | Books | C.6 | ||||
| UMT Health Sciences Campus | UMT Health Sciences Campus | 2021-12-03 | 579 WIL-P | 140032 | 2026-06-22 | 2021-12-03 | Books | C.7 | ||||
| UMT Health Sciences Campus | UMT Health Sciences Campus | 2021-12-03 | 579 WIL-P | 140033 | 2023-01-09 | 2021-12-03 | Text Book | C.8 | Not for Loan | |||
| UMT Health Sciences Campus | UMT Health Sciences Campus | 2021-12-03 | 579 WIL-P | 140034 | 2026-06-22 | 2021-12-03 | Books | C.9 | ||||
| UMT Health Sciences Campus | UMT Health Sciences Campus | 2022-01-29 | 579 WIL-P | 141152 | 2026-06-22 | 2022-01-29 | Books | C.10 |
